| 000 | 01306nam a2200373 i 4500 | ||
|---|---|---|---|
| 003 | peliumch | ||
| 005 | 20260202160357.0 | ||
| 007 | ta | ||
| 008 | 260202t2012 pe ||||gr|||| 00| 0 spa d | ||
| 020 | _a978-6124059823 (t.2) | ||
| 040 |
_aUMCH _bspa _cUMCH _djmr _erda |
||
| 041 | 0 | _aspa | |
| 043 | _as-pe--- | ||
| 082 | 0 | 4 | _a340.02/D/T.II |
| 245 |
_aDerecho y literatura : _btrabajos en homenaje al doctor Iván Rodríguez Chávez. Tomo II / _cMagdiel Gonzales Ojeda, Oswaldo Orna Sánchez, Gaston Remy Llerena ... [et al.]. |
||
| 250 | _aPrimera edición. | ||
| 264 | 1 |
_aLima : _bUniversidad Ricardo Palma, _c2012 |
|
| 264 | 4 | _c©2012 | |
| 300 |
_aIX, 421-859 p. ; _c21 cm. |
||
| 504 | _aBibliografía : páginas 855-859 | ||
| 505 |
_gParte 1: _tDerecho civil-- _gParte 2: _tDerecho ambiental-- _gParte 3: _tDerecho empresarial. |
||
| 521 | _aRecomendado para un público general. | ||
| 650 | 1 | 4 | _aDerecho y literatura |
| 650 | 2 | 4 | _aAnálisis literario |
| 650 | 2 | 4 | _aEnsayos |
| 700 | 1 |
_aGonzales Ojeda, Magdiel, _eeditor |
|
| 700 | 1 |
_aOrna Sánchez, Oswaldo, _d1937- |
|
| 700 | 1 |
_aRemy Llerena, Gastón Roger, _eeditor |
|
| 942 |
_2ddc _cLIB _n0 |
||
| 999 |
_c53599 _d53599 |
||